000 00709nam a22002657a 4500
003 UA-OsUOA
001 28551
007 ta
008 20050407b un ||||| |||| 00| 0 ukr d
100 _aАнтонян Ю. М.
700 _aДавитадзе М. Д.
090 _a316.48:34
_bА72
942 _cBK
040 _aUA-OsUOA
_brus
_cUA-OsUOA
_dUA-OsUOA
245 _aЭтнорелигиозные конфликты: проблемы, решения
_bУчебное пособие
300 _a368 с.
955 _a0
041 _arus
080 _a316.48:34
020 _a5-93004-170-9
260 _aМ.
_bИзд-во "Щит-М"
_c2004
044 _aRU
650 7 _2UDC
999 _c314920
_d314920